Planning and control of manufacturing operations / (Record no. 31685)

000 -LEADER
fixed length control field 00551nam a22002057a 4500
003 - CONTROL NUMBER IDENTIFIER
control field Nust
005 - DATE AND TIME OF LATEST TRANSACTION
control field 20211130181704.0
008 - FIXED-LENGTH DATA ELEMENTS--GENERAL INFORMATION
fixed length control field 170109b xxu||||| |||| 00| 0 eng d
020 ## - INTERNATIONAL STANDARD BOOK NUMBER
International Standard Book Number 1855733072
038 ## - RECORD CONTENT LICENSOR
Staff Name Khadija
040 ## - CATALOGING SOURCE
Transcribing agency c
082 ## - DEWEY DECIMAL CLASSIFICATION NUMBER
Classification number 658.5
Author Mark KEN
100 ## - MAIN ENTRY--PERSONAL NAME
Personal name Kenworthy, John.
9 (RLIN) 85359
245 ## - TITLE STATEMENT
Title Planning and control of manufacturing operations /
Statement of responsibility, etc. John.Kenworthy
260 ## - PUBLICATION, DISTRIBUTION, ETC.
Place of publication, distribution, etc. Cambridge:
Name of publisher, distributor, etc. Woodhead Publishing Limited;
Date of publication, distribution, etc. 1998.
300 ## - PHYSICAL DESCRIPTION
Extent vi, 262 p: ,
Other physical details 24 cm.
500 ## - GENERAL NOTE
General note Hardcover.
563 ## - BINDING INFORMATION
Binding note Hardcover
942 ## - ADDED ENTRY ELEMENTS (KOHA)
Koha item type Book
Source of classification or shelving scheme
Holdings
Withdrawn status Lost status Source of classification or shelving scheme Damaged status Not for loan Permanent Location Current Location Shelving location Date acquired Total Checkouts Full call number Barcode Date last seen Date last checked out Price effective from Koha item type
          School of Mechanical & Manufacturing Engineering (SMME) School of Mechanical & Manufacturing Engineering (SMME) General Stacks 06/30/2015 1 658.5 KEN SMME-201 07/12/2024 01/14/2022 06/30/2015 Book
© 2023 Central Library, National University of Sciences and Technology. All Rights Reserved.